Influencia del tercer sector en el desempeǫ empresarial como justificacin̤ de la necesidad de innovacin̤ social

Detalles Bibliográficos
Autor principal: Alvarado Riquelme, Mara̕
Formato: eBook
Lenguaje:español
Publicado: Madrid: Instituto Nacional de Administracin̤ Pb︢lica (INAP), 2016
Materias:
Acceso en línea:Acceso restringido

MARC

LEADER 00000nam a22000007a 4500
005 20170214202530.0
007 cr|||| ||||
008 170214s2016 es |||||s|||| 00||0 spa d
020 |a 978-84-7351-529-0 
035 |a 14729 
040 |a vLex 
090 |c 6539  |d 6539 
100 1 |a Alvarado Riquelme, Mara̕ 
245 1 0 |a Influencia del tercer sector en el desempeǫ empresarial como justificacin̤ de la necesidad de innovacin̤ social  |h [Recurso electrn̤ico] /  |c Mara̕ Alvarado Riquelme 
256 |a Servicio en ln̕ea 
260 |a Madrid:  |b Instituto Nacional de Administracin̤ Pb︢lica (INAP),  |c 2016 
300 |a 1 recurso electrn̤ico 
500 |a Las empresas sociales han tenido un importante desarrollo en la produccin̤ de bienes y servicios complementando la labor del Estado y el mercado a la hora de satisfacer las necesidades de la poblacin̤ en r̀eas tan sensibles como: la insercin̤ socio-laboral, la salud, la educacin̤, la produccin̤ de alimentos, el apoyo a la tercera edad etc. Nuestra investigacin̤ pretende modelizar los patrones de negocio de las empresas sociales e identificar las variables clave que incentivan la innovacin̤ social con el fin de definir nuevos mecanismos de gobernanza en la produccin̤ de bienes y servicios pb︢licos. 
506 1 |a Disponible solo en los productos indicados  |d vLex Global  |d vLex Global (Academic Edition, excluding Law Schools)  |d vLex Global (U.S. Academic Edition, Law Schools)  |d vLex Global (U.S. Academic Edition, excluding Law Schools)  |d vLex Global (Academic Edition, Law Schools) 
650 0 4 |a Derecho Mercantil y de la Empresa  |z Espaą 
650 0 4 |a Derecho Laboral y Seguridad Social  |z Espaą 
740 0 |a vLex Libros (Servicio en ln̕ea) 
856 4 0 |u http://vlex.com/source/influencia-del-tercer-sector-en-el-desempe-o-empresarial-como-justificacion-de-la-necesidad-de-innovacion-social-14729  |z Acceso restringido 
942 |c BOOK 
999 0 |a Commercial and Company Law 
999 0 |a Labor Law and Social Security